000 00501nam a2200145 a 4500
008 120416s1913 ||||||||||||||||| || u
050 _aPG 3465.A32
100 _aGorkii, Maskim
245 1 0 _aChildhood
246 _aMaskim Gorkii, 1868-1936
260 _aMoscow
_bForeign Language Publishing House
_c1913
300 _a383p.
350 _a0.00
995 _D0.00
_FCBU-MAIN LIBRARY (Kitwe)
_H1
_I0.00
_M1
_UAVAILABLE
_ZAnnex Low-Usage Collection
999 _c37268
_d37268